|
|
|
|
| LEADER |
00000nam a2200000 a 4500 |
| 001 |
vtls008360494 |
| 003 |
SK-MaSNL |
| 005 |
20260301224200.0 |
| 008 |
230403s1961 xo slo |
| 015 |
|
|
|a SNBA1961/10-02112
|
| 035 |
|
|
|a SK01SNK19610052711
|
| 035 |
|
|
|a urn:nbn:sk:snk-am3h7nh
|
| 035 |
|
|
|a 84C9EDA5-7791-4C15-BEBF-775BD632BDD3
|
| 035 |
|
|
|a urn:nbn:sk:snk-am00cmw5
|
| 035 |
|
|
|a SKM000055174
|
| 040 |
|
|
|a SNK
|b slo
|c SNK
|e AACR2
|
| 041 |
0 |
|
|a slo
|
| 044 |
|
|
|a xo
|
| 080 |
|
|
|a 78(075.3)
|2 1981
|
| 245 |
0 |
0 |
|a Učebnica hudobnej výchovy pre 2. roč. pedagogiských škôl a pomocná kniha pre učiteľov národných škôl
|c autori: Št. Kantor ... [et al.]
|
| 250 |
|
|
|a 2. vyd.
|
| 260 |
|
|
|a Bratislava
|b Slovenské pedagogické nakladateľstvo
|c 1961
|e Martin
|f Tlačiarne SNP
|
| 300 |
|
|
|a 254, [6] s.
|c 8°
|
| 500 |
|
|
|a Ilustr. Pozn. Fot. Mp. Noty. Abec. zoznam piesní. Zoznam umelých skladieb
|
| 563 |
|
|
|a 1200 výtl.
|
| 650 |
0 |
7 |
|a výchova hudobná
|x učebnice pedag. škôl (2. roč.)
|2 SNK
|9 616098
|
| 650 |
0 |
7 |
|a hudba
|x učebnice pedag. škôl (2. roč.)
|2 SNK
|9 616099
|
| 655 |
|
7 |
|a učebnice
|2 SNKPH
|9 22521
|
| 700 |
1 |
|
|a Kantor, Štefan,
|d 1898-1991
|4 aut
|9 38713
|
| 852 |
|
|
|a Slovenská národná knižnica
|
| 954 |
|
|
|a odborná, vedecká literatúra pôvodná (slovenská)
|2 lita
|
| 958 |
|
|
|a OND
|
| 958 |
|
|
|a TL
|
| 958 |
|
|
|a RK
|
| 958 |
|
|
|a UC
|
| 958 |
|
|
|a EUIPO
|
| 999 |
|
|
|c 946263
|d 948193
|
| 952 |
|
|
|a SNK
|b SNK
|y PREZ
|7 0
|p 17A0708737
|o snkSD 20867
|i snkKSP 5766/61
|0 0
|1 0
|4 0
|d 2011-09-24
|f 1
|l 0
|r 2025-12-04 00:00:00
|w 2026-02-24
|